000 00500nam a2200181Ia 4500
999 _c14742
_d14742
003 OSt
005 20201020111841.0
008 190216s9999||||xx |||||||||||||| ||und||
020 _a9780195696332
040 _coclc
082 _a894.811371
_bBAM/V
100 _aBama
_95378
245 0 _aVanmam Vendetta /
_cBama
260 _bOxford University Press ,
_c2008.
_aNew Delhi:
300 _a161p
650 _aEnglish
942 _cBK
_2ddc
_h894.811371
_iBAM/V
_k894.811371
_mBAM/V